Transforming Human Resource Management In Meeting The Challenges Of The Next Millennium / (Record no. 27227)
[ view plain ]
| 000 -LEADER | |
|---|---|
| fixed length control field | 01008nam a22002537a 4500 |
| 001 - CONTROL NUMBER | |
| control field | 0000003882 |
| 003 - CONTROL NUMBER IDENTIFIER | |
| control field | PPM |
| 005 - DATE AND TIME OF LATEST TRANSACTION | |
| control field | 20260423160753.0 |
| 008 - FIXED-LENGTH DATA ELEMENTS--GENERAL INFORMATION | |
| fixed length control field | 260423b ||||| |||| 00| 0 eng d |
| 020 ## - INTERNATIONAL STANDARD BOOK NUMBER | |
| International Standard Book Number | 9679933725 |
| Terms of availability | RM 40.00 |
| Qualifying information | Paperback |
| 035 ## - SYSTEM CONTROL NUMBER | |
| System control number | 0000003882 |
| 040 ## - CATALOGING SOURCE | |
| Language of cataloging | Eng |
| Transcribing agency | Pusat Penyelidikan Mineral, Jabatan Mineral Dan Geosains Malaysia |
| Modifying agency | PPM |
| Description conventions | RDA |
| 082 00 - DEWEY DECIMAL CLASSIFICATION NUMBER | |
| Edition number | 21 |
| Classification number | 658.3 |
| Item number | TRA 2000 |
| 245 10 - TITLE STATEMENT | |
| Title | Transforming Human Resource Management In Meeting The Challenges Of The Next Millennium / |
| Statement of responsibility, etc. | edited by Samsudin Osman, Zulkurnain Awang , Sarijini Naidu |
| 260 #1 - PUBLICATION, DISTRIBUTION, ETC. | |
| Place of publication, distribution, etc. | Kuala Lumpur : |
| Name of publisher, distributor, etc. | National Institut of Public Administration (INTAN), |
| Date of publication, distribution, etc. | 2000 |
| 300 00 - PHYSICAL DESCRIPTION | |
| Extent | xvii, 319 pages .: |
| Other physical details | table, illustrations .; |
| Dimensions | 23 cm |
| 500 ## - GENERAL NOTE | |
| General note | Teks in English and bahasa Malaysia |
| 504 ## - BIBLIOGRAPHY, ETC. NOTE | |
| Bibliography, etc. note | Includes bibliographical references (p.: 317 - 319) |
| 650 10 - SUBJECT ADDED ENTRY--TOPICAL TERM | |
| Topical term or geographic name entry element | Personnel management |
| 700 1# - ADDED ENTRY--PERSONAL NAME | |
| Personal name | Samsudin Osman |
| Relator term | editor |
| 700 1# - ADDED ENTRY--PERSONAL NAME | |
| Personal name | Zulkurnain Awang |
| Relator term | editor |
| 700 1# - ADDED ENTRY--PERSONAL NAME | |
| Personal name | Sarojini Naidu |
| Relator term | editor |
| 942 ## - ADDED ENTRY ELEMENTS (KOHA) | |
| Source of classification or shelving scheme | |
| Koha item type | Books |
| Withdrawn status | Lost status | Source of classification or shelving scheme | Damaged status | Not for loan | Collection code | Permanent Location | Current Location | Shelving location | Date acquired | Cost, normal purchase price | Total Checkouts | Full call number | Date last seen | Price effective from | Koha item type |
|---|---|---|---|---|---|---|---|---|---|---|---|---|---|---|---|
| Available | Open Shelf | PPM | PPM | Open Shelf | 23/04/2026 | 40.00 | 658.3 TRA 2000 | 23/04/2026 | 23/04/2026 | Books |